Electrones, ondas y mensajes

Guardat en:
Dades bibliogràfiques
Autor principal: Pierce, John R (Autor)
Format: Llibre
Idioma:espanyol
Publicat: Buenos Aires EUDEBA 1961
Col·lecció:Ciencia Activa
Matèries:
Etiquetes: Afegir etiqueta
Sense etiquetes, Sigues el primer a etiquetar aquest registre!

MARC

LEADER 00000nam a2200000 a 4500
001 UCU5616
003 CL-VaPUC
008 960604e19610000AG |||||||||||||||||spa|d
082 0 4 |a 621.381  |b PIE  |2 21 
100 0 |a Pierce, John R  |e author  |9 363583 
245 1 0 |a Electrones, ondas y mensajes 
300 |a 316 p 
942 |c BK 
945 |d 19960604 00:00:00  |a lriquelm 
260 |a Buenos Aires  |b EUDEBA  |c 1961 
650 0 |a Electrónica   |9 263192 
650 7 |a ELECTRONES  |2 CL-VaPUC  |9 322158 
650 7 |a CAMPOS ELECTRICOS  |2 CL-VaPUC  |9 363584 
650 0 |a Ondas de radio  |9 263255 
650 7 |a ENERGIA RADIANTE  |2 CL-VaPUC  |9 360923 
650 7 |a SISTEMAS DE TELEVISON  |2 CL-VaPUC  |9 363585 
650 7 |a RUIDO  |2 CL-VaPUC  |9 263306 
650 0 |a Teoría cuántica  |9 266148 
583 |a last modification  |c 20150713 14:25:47  |k Rodrigo Vera 
490 0 |a Ciencia Activa 
999 |c 248874  |d 248872